000
00311nam a22001337a 4500
020
_a
978-81-264-2211-1
082
_a
030
_b
NEL/M
100
_a
NAIR, NEELAKANDAN
245
_a
MALAYALAM-HINDI=ENGLISH-NIGHANDU
260
_a
KOTTAYAM
_b
DC BOOKS
_c
2011
300
_a
855
650
_a
DICTIONARY
_z
INDIA
942
_c
BK
999
_c
1752
_d
1752